|
|
|
|
| LEADER |
01119nam a2200241 u 4500 |
| 001 |
10088796 |
| 003 |
GR-PaULI |
| 005 |
20220706134708.0 |
| 008 |
110128s1998 gr o p gre |
| 952 |
|
|
|0 0
|1 0
|2 ddc
|4 0
|6 821_912000000000000_BRO
|7 0
|9 362254
|a LISP
|b LISP
|c DON
|d 2022-07-06
|e ΠΑΤ
|i 149424
|l 0
|o 821.912 BRO
|p 025000276894
|r 2022-07-06 00:00:00
|t 1
|w 2022-07-06
|y BKN
|
| 999 |
|
|
|c 211696
|d 211696
|
| 020 |
|
|
|a 9603360325
|
| 040 |
|
|
|a GR-PaULI
|c GR-PaULI
|b gre
|e AACR2
|
| 041 |
1 |
|
|a gre
|h eng
|
| 082 |
1 |
4 |
|a 821.912
|2 23
|
| 100 |
|
|
|a Brooke, Rupert,
|d 1887-1915
|e συγγραφέας.
|9 148885
|
| 245 |
1 |
0 |
|a Ένας Άγγλος ποιητής στην Σκύρο =
|b An English poet in Skyros island /
|c Rupert Brooke ; πρόλογος, μετάφραση, σημειώσεις Κώστας Ιωάννου.
|
| 246 |
1 |
1 |
|a An English poet in Skyros island.
|
| 260 |
|
|
|a Σκύρος :
|b Πνευματικό Κέντρο Δήμου Σκύρου,
|c 1998.
|
| 300 |
|
|
|a 219 σ. :
|b εικ. ;
|c 24 εκ.
|
| 700 |
1 |
|
|9 192903
|a Ιωάννου, Κώστας
|e συγγραφέας.
|
| 942 |
|
|
|2 ddc
|c BKN
|
| 998 |
|
|
|c ΜΠΟΥΡΑΣ
|d 2022-07
|